Design and analysis of tracer tests to determine effective porosity and dispersivity in fractured sedimentary rocks, Newark Basin, New Jersey /

Bibliographic Details
Main Author: Carleton, Glen B.
Corporate Authors: New Jersey. Department of Environmental Protection, Geological Survey (U.S.)
Other Authors: Welty, Claire, 1954-, Buxton, Herbert T.
Format: Government Document Book
Language:English
Published: West Trenton, N.J. : U.S. Dept. of the Interior, U.S. Geological Survey ; 1999.
Series:Water-resources investigations report ; 98-4126[-A].
Subjects:

MARC

Tag First Indicator Second Indicator Subfields
LEADER 00000cam a22000007a 4500
001 in00000003983
005 20151007051312.0
008 990428s1999 njuab b f000 0 eng d
035 |a (OCoLC)41263850 
035 |9 AJH7666AM 
040 |d GPO  |d DLC  |d MvI  |d UtOrBLW 
043 |a n-us-nj 
049 |a UDOC 
074 |a 0624-B 
086 0 |a I 19.42/4:98-4126-A 
092 |a 551.49 
100 1 |a Carleton, Glen B. 
245 1 0 |a Design and analysis of tracer tests to determine effective porosity and dispersivity in fractured sedimentary rocks, Newark Basin, New Jersey /  |c by Glen B. Carleton, Claire Welty, and Herbert T. Buxton ; prepared in cooperation with the New Jersey Department of Environmental Protection. 
264 1 |a West Trenton, N.J. :  |b U.S. Dept. of the Interior, U.S. Geological Survey ;  |c 1999. 
264 2 |a Denver, CO :  |b Branch of Information Services [distributor], 
300 |a vi, 80 pages :  |b illustrations, maps ;  |c 28 cm. 
336 |a text  |b txt  |2 rdacontent 
337 |a unmediated  |b n  |2 rdamedia 
338 |a volume  |b nc  |2 rdacarrier 
490 1 |a Water-resources investigations report ;  |v 98-4126[-A] 
500 |a Shipping list number: 99-0263-P. 
504 |a Includes bibliographical references (pages 62-65). 
500 |a Series numbering obtained via phone call to agency. 
650 0 |a Groundwater tracers  |z Newark Basin  |x Measurement. 
650 0 |a Sedimentary rocks  |z Newark Basin  |x Permeability. 
650 0 |a Groundwater flow  |z Newark Basin. 
650 0 |a Aquifers  |z Newark Basin  |x Testing. 
700 1 |a Welty, Claire,  |d 1954- 
700 1 |a Buxton, Herbert T. 
710 1 |a New Jersey.  |b Department of Environmental Protection. 
710 2 |a Geological Survey (U.S.) 
830 0 |a Water-resources investigations report ;  |v 98-4126[-A]. 
999 |a MARS 
999 f f |s 0267fcc6-ffef-3276-bb21-26e1c706fe5e  |i 84c18e05-97f9-33ea-b434-549fa3906dbd  |t 0 
952 f f |p normal  |a Texas A&M University  |b College Station  |c Sterling C. Evans Library  |d Evans: US Documents (Annex 5th floor)  |t 0  |e I 19.42/4:98-4126-A  |h Superintendent of Documents classification  |i unmediated -- volume  |m A14824516981 
998 f f |a I 19.42/4:98-4126-A  |t 0  |l Evans: US Documents (Annex 5th floor)